000 00676nam a2200205 i 4500
001 101644
003 ES-MaACL
005 20230906182941.0
007 t|
008 051021s1978 xxu |||| | eng d
020 _a84-399-8373-5
080 _a806.90-087(814.2)
100 1 _aMegenney, William W.
_979804
245 1 0 _aA Bahian heritage
_b: an ethnolinguistic study of african influences on bahian portuguese /
_cby William W. Megenney.
260 _aChapel Hill :
_bUniversity of North Carolina,
_c1978.
300 _a230 p. ;
_c24 cm.
504 _aBibliografĂ­a: p. 218-228.
650 4 _aLengua portuguesa-
_zBahĂ­a (Estado)
_9162795
852 _aES-MaACL
_jA-9448
999 _c101644
_d101644